|
|
|
|
| LEADER |
01225nta a2200241 i 4500 |
| 001 |
dokt10821 |
| 005 |
20220527123300.0 |
| 008 |
210316s2021 hu om 0|| hun d |
| 024 |
7 |
|
|a 10.14232/phd.10821
|2 doi
|
| 024 |
7 |
|
|a 32846324
|2 mtmt
|
| 040 |
|
|
|a SZTE Doktori Repozitórium
|b hun
|
| 041 |
|
|
|a hun
|
| 100 |
1 |
|
|a Boldog Eszter
|
| 245 |
1 |
0 |
|a Egy humán agykérgi specializált GABAerg idegsejt típus morfológiai, molekuláris és elektrofiziológiai jellemzése
|h [elektronikus dokumentum] /
|c Boldog Eszter
|
| 246 |
1 |
0 |
|a Morphological, molecular and electrophysiological evidence for a human cortical specialized GABAergic cell type
|h [elektronikus dokumentum]
|
| 260 |
|
|
|c 2021-07-02
|
| 502 |
|
|
|a Disszertacio
|
| 650 |
|
4 |
|a biológiai tudományok
|
| 650 |
|
4 |
|a Molekuláris és sejtszintű neurobiológia
|
| 700 |
1 |
|
|a Tamás Gábor
|e ths
|
| 856 |
4 |
0 |
|u https://doktori.bibl.u-szeged.hu/id/eprint/10821/1/Disszert%C3%A1ci%C3%B3_Boldog%20Eszter.pdf
|z Dokumentum-elérés
|
| 856 |
4 |
0 |
|u https://doktori.bibl.u-szeged.hu/id/eprint/10821/2/T%C3%A9zisf%C3%BCzet_Boldog%20Eszter.pdf
|z Dokumentum-elérés
|
| 856 |
4 |
0 |
|u https://doktori.bibl.u-szeged.hu/id/eprint/10821/3/ANGOL_T%C3%A9zisf%C3%BCzet_Boldog%20Eszter.pdf
|z Dokumentum-elérés
|